000 01249nab a22002417a 4500
999 _c5638
_d5638
003 OSt
005 20251226211932.0
008 190603e xxum|||| |||| 00| 0 spa d
040 _cPJ
100 _96311
_aFurundarena, Mariano D.
245 1 3 _aEl juicio ejecutivo y los títulos ejecutivos electrónicos/
_cMariano Furundarena.
260 _cCiudad Autónoma de Buenos Aires :
_aThomson Reuters La Ley,
_b2025.
300 _ap. 10-20
500 _aCita: TR LALEY AR/DOC/1052/2025 Publicado en: RCCyC 2025 (junio) , 5.
505 _a Sumario: I. Introducción.— II. El juicio ejecutivo y el título ejecutivo.— III. Título ejecutivo electrónico.— IV. Ejecución de títulos ejecutivos electrónicos.— V. La ejecución de títulos ejecutivos electrónicos en la jurisprudencia.— VI. Conclusión.
505 _t¿Te interesa el texto completo? Solicitalo al correo: koha@justierradelfuego.gov.ar
650 0 _91497
_aCODIGO CIVIL Y COMERCIAL
650 0 _92021
_aJUICIO EJECUTIVO
650 0 _96228
_aTÍTULOS EJECUTIVOS
650 0 _9286
_aCOMERCIO ELECTRONICO
773 0 _02713
_93170
_dCiudad Autónoma de Buenos Aires : Thomson Reuters La Ley, 2015-
_tRevista Código Civil y Comercial. Nº 3 - Junio 2025
942 _2udc
_cANA